[Event "La tour des Carpates"]
[Site "Quebec CAN"]
[Date "2021.02.26"]
[Round "1"]
[White "Boutin, Jean-Roger"]
[Black "Michel, Andie"]
[Result "1-0"]
[WhiteElo "1561"]
[BlackElo "1187"]
[PlyCount "113"]
[EventDate "2021.02.26"]
[EventType "swiss"]
[EventRounds "3"]
[EventCountry "CAN"]

1. e4 e5 2. Nf3 Nc6 3. Bc4 h6 4. d3 Bc5 5. a3 a6 6. O-O Nf6 7. h3 O-O 8. Nc3
Bd4 9. Nxd4 exd4 10. Ne2 d5 11. exd5 Nxd5 12. c3 dxc3 13. Nxc3 Be6 14. Qf3 Nxc3
15. bxc3 Bxc4 16. dxc4 Re8 17. Rd1 Qf6 18. Qxf6 gxf6 19. Bxh6 Ne5 20. c5 Nc4
21. Rd4 Ne5 22. Rad1 Kh7 23. Bf4 Nc6 24. Rd7 Kg6 25. Rxc7 Na5 26. Rdd7 Re1+ 27.
Kh2 Rf8 28. Be3 Re2 29. c6 bxc6 30. Bc5 Rg8 31. Rxf7 Kf5 32. Rh7 Nc4 33. Rxc6
Re1 34. Bd4 Ne5 35. Rxa6 Ke4 36. Rxf6 Kd3 37. Rh4 Re2 38. Rd6 Kc2 39. a4 Ra8
40. Rf4 Rxa4 41. Bxe5 Rxf4 42. Bxf4 Kxc3 43. Be3 Ra2 44. h4 Ra8 45. h5 Kc4 46.
h6 Rh8 47. Rf6 Rh7 48. g4 Kd5 49. g5 Rb7 50. g6 Ke5 51. Ra6 Kf5 52. g7 Ke4 53.
g8=Q Kf3 54. Qg2+ Ke2 55. Qxb7 Kf1 56. Ra2 Ke1 57. Qb1# 1-0

[Event "La tour des Carpates"]
[Site "Quebec CAN"]
[Date "2021.02.26"]
[Round "2"]
[White "Potvin, Alain-Nicolas"]
[Black "Boutin, Jean-Roger"]
[Result "1-0"]
[WhiteElo "1652"]
[BlackElo "1561"]
[PlyCount "68"]
[EventDate "2021.02.26"]
[EventType "swiss"]
[EventRounds "3"]
[EventCountry "CAN"]

1. d4 d5 2. Bf4 Nc6 3. Nf3 Nf6 4. e3 Nh5 5. Bg3 Nxg3 6. hxg3 e6 7. c3 h6 8. Bd3
Bd7 9. Nbd2 a6 10. Qe2 Be7 11. e4 dxe4 12. Nxe4 f5 13. Nc5 Bxc5 14. dxc5 Qf6
15. O-O-O O-O-O 16. Rh4 Nb8 17. Rb4 Rhe8 18. Ne5 Bc6 19. Nxc6 Nxc6 20. Rb3 Na5
21. Ra3 Nc6 22. Bxa6 Rxd1+ 23. Kxd1 Rd8+ 24. Kc1 Nb8 25. Bxb7+ Kd7 26. c4 Ke7
27. Re3 Kf7 28. Bf3 Rd4 29. Qc2 e5 30. Bd5+ Kf8 31. Qb3 Nd7 32. Qb5 Qe7 33. c6
Nf6 34. Qb8+ Qe8 1-0

[Event "La tour des Carpates"]
[Site "Quebec CAN"]
[Date "2021.02.26"]
[Round "3"]
[White "Michel, Andie"]
[Black "Potvin, Alain-Nicolas"]
[Result "0-1"]
[WhiteElo "1187"]
[BlackElo "1652"]
[PlyCount "130"]
[EventDate "2021.02.26"]
[EventType "swiss"]
[EventRounds "3"]
[EventCountry "CAN"]

1. e4 g6 2. Nf3 Bg7 3. Bc4 d6 4. Nc3 Nf6 5. d4 O-O 6. O-O Nxe4 7. Bd5 Nxc3 8.
bxc3 c6 9. Bb3 Bg4 10. Bg5 Nd7 11. Re1 Nf6 12. h3 Bxf3 13. Qxf3 Qd7 14. a3 Rae8
15. Rad1 d5 16. a4 h6 17. Bxf6 exf6 18. Re3 Rxe3 19. Qxe3 Re8 20. Qf3 Qe6 21.
Kf1 f5 22. a5 a6 23. g3 Qe4 24. Qxe4 fxe4 25. c4 Rd8 26. Ke2 f5 27. cxd5 cxd5
28. c3 Kf8 29. Rb1 Ke7 30. Ba4 Rb8 31. Bc6 b5 32. axb6 Kd6 33. Ba4 g5 34. f3
Bf6 35. b7 Kc7 36. fxe4 dxe4 37. Ke3 Rxb7 38. Rb3 Be7 39. c4 Rxb3+ 40. Bxb3 Ba3
41. Ba4 Bc1+ 42. Ke2 f4 43. gxf4 gxf4 44. d5 Kd6 45. Bc6 Ba3 46. Bb7 a5 47. Bc6
Kc5 48. Bb5 Kd4 49. h4 h5 50. Ke1 Be7 51. Ke2 Bxh4 52. d6 Bd8 53. d7 h4 54. Kf1
h3 55. Kg1 e3 56. c5 f3 57. c6 e2 58. Kf2 h2 59. Kxf3 h1=Q+ 60. Kf4 e1=Q 61.
Kf5 Qe5+ 62. Kg6 Qhe4+ 63. Kf7 Q5f5+ 64. Kg8 Qeg4+ 65. Kh8 Qfh5# 0-1

[Event "Ladder 1"]
[Site "Gatineau CAN"]
[Date "2021.11.16"]
[Round "1"]
[White "Bastien, Andre"]
[Black "Brault, Jean-Francois"]
[Result "1-0"]
[WhiteElo "1754"]
[BlackElo "1667"]
[PlyCount "27"]
[EventDate "2021.11.16"]
[EventType "swiss"]
[EventRounds "5"]
[EventCountry "CAN"]

1. d4 d5 2. Nf3 e6 3. c4 c5 4. Nc3 Nc6 5. e3 Nf6 6. Bd3 cxd4 7. exd4 Bb4 8. O-O
Bxc3 9. bxc3 dxc4 10. Bxc4 a6 11. Ba3 Ne7 12. Ne5 b5 13. Qf3 Nfd5 14. Qxf7# 1-0

[Event "Ladder 1"]
[Site "Gatineau CAN"]
[Date "2021.11.16"]
[Round "1"]
[White "Bourbonnais, Luc"]
[Black "Rioux, Jocelyn"]
[Result "0-1"]
[WhiteElo "1450"]
[BlackElo "1617"]
[PlyCount "82"]
[EventDate "2021.11.16"]
[EventType "swiss"]
[EventRounds "5"]
[EventCountry "CAN"]

1. e4 c6 2. d4 d5 3. Nc3 dxe4 4. Nxe4 Bf5 5. Ng3 Bg6 6. h4 h6 7. Nf3 Nd7 8. Bd3
Bxd3 9. Qxd3 e6 10. Bf4 Ngf6 11. O-O Be7 12. c4 O-O 13. Rad1 Re8 14. a3 Rc8 15.
b4 b6 16. Ne5 Nxe5 17. Bxe5 Nd7 18. h5 Nxe5 19. dxe5 Qxd3 20. Rxd3 Rcd8 21.
Rfd1 Rxd3 22. Rxd3 Rd8 23. Rxd8+ Bxd8 24. Ne4 a6 25. a4 b5 26. axb5 axb5 27.
cxb5 cxb5 28. f4 Be7 29. Nc5 Kf8 30. Kf2 Ke8 31. Ke3 Bxc5+ 32. bxc5 Kd7 33. Kd4
Kc6 34. g3 f6 35. exf6 gxf6 36. g4 b4 37. g5 e5+ 38. fxe5 fxg5 39. e6 b3 40.
Kd3 b2 41. Kc2 g4 0-1

[Event "Ladder 1"]
[Site "Gatineau CAN"]
[Date "2021.11.16"]
[Round "1"]
[White "Desjardins, Michel"]
[Black "Villeneuve, Denis"]
[Result "0-1"]
[WhiteElo "1833"]
[BlackElo "1779"]
[PlyCount "68"]
[EventDate "2021.11.16"]
[EventType "swiss"]
[EventRounds "5"]
[EventCountry "CAN"]

1. e4 d6 2. d4 Nd7 3. Nf3 e5 4. Bc4 c6 5. a4 Be7 6. Nc3 Ngf6 7. O-O O-O 8. a5
Qc7 9. Bb3 h6 10. h3 Re8 11. Re1 Nf8 12. Be3 Be6 13. Ba4 Red8 14. Qe2 Ng6 15.
Qd2 Bf8 16. b4 d5 17. exd5 Nxd5 18. Nxd5 Bxd5 19. Nh2 f5 20. f3 Rd7 21. Qc3 e4
22. Bb3 Kh7 23. fxe4 Bxe4 24. Bf2 Nf4 25. Nf3 Bxf3 26. Qxf3 Bxb4 27. c3 Bxa5
28. Re5 Bxc3 29. Qxc3 Qxe5 30. dxe5 Ne2+ 31. Kf1 Nxc3 32. e6 Re7 33. Bc5 Ree8
34. Bc2 Ne4 0-1

[Event "Ladder 1"]
[Site "Gatineau CAN"]
[Date "2021.11.16"]
[Round "1"]
[White "Dupont-Mageau, Nicolas"]
[Black "Thompson, Francis"]
[Result "1-0"]
[WhiteElo "1961"]
[BlackElo "1827"]
[PlyCount "47"]
[EventDate "2021.11.16"]
[EventType "swiss"]
[EventRounds "5"]
[EventCountry "CAN"]

1. e4 c5 2. Nc3 a6 3. a4 Nc6 4. f4 e6 5. Bc4 g6 6. Nf3 Bg7 7. O-O Nge7 8. Qe1
O-O 9. d3 d5 10. Ba2 Nb4 11. Bb3 c4 12. Ne2 Qb6+ 13. Ned4 cxb3 14. Be3 a5 15.
Nf5 Qd8 16. Nxg7 Nxc2 17. Qh4 Kxg7 18. Ng5 Rh8 19. f5 exf5 20. Ne6+ Bxe6 21.
Bh6+ Kg8 22. Qf6 Qb6+ 23. Kh1 Qd4 24. e5 1-0

[Event "Ladder 1"]
[Site "Gatineau CAN"]
[Date "2021.11.16"]
[Round "1"]
[White "MacIsaac, Alexandre"]
[Black "Hamon, Vincent"]
[Result "1-0"]
[WhiteElo "1574"]
[BlackElo "1330"]
[PlyCount "63"]
[EventDate "2021.11.16"]
[EventType "swiss"]
[EventRounds "5"]
[EventCountry "CAN"]

1. e4 c6 2. d4 d5 3. exd5 cxd5 4. c4 Nf6 5. Nc3 Nc6 6. Bg5 Qb6 7. Bxf6 exf6 8.
Qe2+ Be7 9. Nxd5 Qd8 10. O-O-O O-O 11. Nxe7+ Nxe7 12. Nf3 Bf5 13. Nh4 Re8 14.
Qf3 Qa5 15. b4 Qxb4 16. Nxf5 Rac8 17. Nxe7+ Rxe7 18. Qb3 Qa5 19. Bd3 Rce8 20.
h4 Qc7 21. g3 a6 22. d5 Qc5 23. d6 Rd7 24. Rhe1 Rc8 25. Bc2 Qxf2 26. Qe3 Qxe3+
27. Rxe3 g6 28. Re7 Rdd8 29. d7 Rb8 30. Rde1 Kf8 31. c5 h5 32. Bb3 1-0

[Event "Ladder 1"]
[Site "Gatineau CAN"]
[Date "2021.11.16"]
[Round "1"]
[White "Raymond, Daniel"]
[Black "Fiset, Anais Chloe"]
[Result "0-1"]
[WhiteElo "2000"]
[BlackElo "1935"]
[PlyCount "88"]
[EventDate "2021.11.16"]
[EventType "swiss"]
[EventRounds "5"]
[EventCountry "CAN"]

1. e4 c5 2. Nf3 Nc6 3. Nc3 g6 4. d4 cxd4 5. Nxd4 Bg7 6. Nb3 Nf6 7. Be2 O-O 8.
O-O d6 9. Bg5 Bd7 10. Kh1 h6 11. Be3 Be6 12. f4 Qd7 13. Bf3 Rfd8 14. Nd5 Ng4
15. Bc1 Rac8 16. c3 b6 17. Qe2 Nf6 18. Be3 Qb7 19. Nxf6+ exf6 20. Rfd1 Rd7 21.
Nd4 Nxd4 22. Bxd4 Qc7 23. b3 Re8 24. Qb5 Rde7 25. Rac1 Bd7 26. Qd3 f5 27. Bxg7
fxe4 28. Bxe4 Rxe4 29. Bxh6 Bf5 30. Qg3 Re2 31. Bg5 Be4 32. Rg1 Qc6 33. Rcf1
Re3 34. Qh4 Bxg2+ 35. Rxg2 Re2 36. Rfg1 Rxg2 37. Rxg2 Re2 38. Qg3 Qe4 39. h3
Re3 40. Qg4 Re1+ 41. Kh2 f5 42. Qg3 Qb1 43. Qd3 Rh1+ 44. Kg3 Qxd3+ 0-1

[Event "Ladder 1"]
[Site "Gatineau CAN"]
[Date "2021.11.16"]
[Round "1"]
[White "Seguin, Hubert"]
[Black "Simchowitz, Yves"]
[Result "1-0"]
[WhiteElo "1663"]
[BlackElo "1450"]
[PlyCount "81"]
[EventDate "2021.11.16"]
[EventType "swiss"]
[EventRounds "5"]
[EventCountry "CAN"]

1. e4 d5 2. exd5 Qxd5 3. Nc3 Qa5 4. d4 c6 5. Nf3 Bg4 6. Be2 Nd7 7. O-O h6 8.
Bf4 e6 9. a3 Ngf6 10. Re1 Be7 11. h3 Bh5 12. g4 Bg6 13. Bd3 Bxd3 14. Qxd3 g5
15. Bg3 a6 16. Ne4 Nd5 17. c4 Nf4 18. Bxf4 gxf4 19. Rad1 O-O-O 20. b4 Qc7 21.
d5 f5 22. d6 fxe4 23. dxc7 exd3 24. cxd8=Q+ Bxd8 25. Rxe6 h5 26. Rg6 hxg4 27.
hxg4 Nf8 28. Rd6 Rg8 29. Nh2 Bc7 30. R6xd3 Ng6 31. Nf3 Ne7 32. g5 Nf5 33. Kg2
Bd8 34. Kh3 Bc7 35. Kg4 Nh6+ 36. Kh5 Nf7 37. Rd7 Rh8+ 38. Kg6 Nd8 39. Kg7 Re8
40. g6 Ne6+ 41. Kf7 1-0

[Event "Ladder 1"]
[Site "Gatineau CAN"]
[Date "2021.11.23"]
[Round "2"]
[White "Brault, Jean-Francois"]
[Black "Matkovsky, Taras"]
[Result "1-0"]
[WhiteElo "1667"]
[BlackElo "1569"]
[PlyCount "75"]
[EventDate "2021.11.16"]
[EventType "swiss"]
[EventRounds "5"]
[EventCountry "CAN"]

1. e4 c5 2. Nf3 d6 3. Bc4 e6 4. c3 d5 5. exd5 exd5 6. Bb5+ Bd7 7. Qa4 Qe7+ 8.
Kf1 a6 9. Bxd7+ Qxd7 10. Qxd7+ Nxd7 11. d4 Ngf6 12. Be3 c4 13. Nbd2 Bd6 14. Re1
O-O 15. Nh4 Nh5 16. Nf5 Bf4 17. Ne7+ Kh8 18. Nxd5 Bxe3 19. fxe3 b5 20. g3 Nhf6
21. Nxf6 Nxf6 22. e4 Rfe8 23. Kg2 Nd7 24. Rhf1 f6 25. a3 Re7 26. Rf2 Rae8 27.
Rfe2 f5 28. e5 Nb6 29. Nf1 g5 30. Ne3 f4 31. Ng4 Rf8 32. Rf1 Nd5 33. Ref2 h5
34. gxf4 Nxf4+ 35. Rxf4 gxf4 36. Nf6 Rxf6 37. exf6 Re2+ 38. Rf2 1-0

[Event "Ladder 1"]
[Site "Gatineau CAN"]
[Date "2021.11.23"]
[Round "2"]
[White "Desjardins, Michel"]
[Black "Bastien, Andre"]
[Result "1-0"]
[WhiteElo "1833"]
[BlackElo "1754"]
[PlyCount "63"]
[EventDate "2021.11.16"]
[EventType "swiss"]
[EventRounds "5"]
[EventCountry "CAN"]

1. b4 d5 2. Bb2 Nf6 3. e3 Bf5 4. Nf3 e6 5. a3 c5 6. b5 Nbd7 7. h3 Bd6 8. c4 h6
9. Nc3 O-O 10. Be2 Qe7 11. O-O dxc4 12. Bxc4 Nb6 13. Be2 e5 14. d3 e4 15. dxe4
Nxe4 16. Nxe4 Bxe4 17. Nd2 Bf5 18. Qb3 Rad8 19. Rfd1 Qg5 20. Nf3 Qe7 21. a4 Be6
22. Qc3 f6 23. Qc2 Qf7 24. Nd2 Bb8 25. Qxc5 Rd5 26. Qb4 Qc7 27. Nf3 Rf5 28.
Rac1 Qf7 29. Ba3 Bb3 30. Qxf8+ Qxf8 31. Bxf8 Bxd1 32. Rxd1 1-0

[Event "Ladder 1"]
[Site "Gatineau CAN"]
[Date "2021.11.23"]
[Round "2"]
[White "Fiset, Anais Chloe"]
[Black "Guimond, Michel"]
[Result "1/2-1/2"]
[WhiteElo "2000"]
[BlackElo "1933"]
[PlyCount "83"]
[EventDate "2021.11.16"]
[EventType "swiss"]
[EventRounds "5"]
[EventCountry "CAN"]

1. e4 e6 2. d4 d5 3. Nc3 Bb4 4. e5 c5 5. a3 Bxc3+ 6. bxc3 Ne7 7. Nf3 Qa5 8. Bd2
c4 9. Be2 Bd7 10. O-O Nbc6 11. Re1 h6 12. Qc1 g5 13. h3 O-O-O 14. a4 Rdg8 15.
Nh2 h5 16. Qd1 g4 17. hxg4 hxg4 18. Nxg4 Rh4 19. Nh6 Rh8 20. g3 R4xh6 21. Bxh6
Rxh6 22. Qd2 Nf5 23. Red1 Qd8 24. Bf1 Qh8 25. Bg2 Rh2 26. Qf4 Nce7 27. g4 Rh4
28. Qg5 Qg7 29. Qxg7 Nxg7 30. f3 Ng6 31. Kf2 a5 32. Rdb1 Ne8 33. Rb6 Bc6 34.
Kg3 Nc7 35. f4 Rh8 36. Bf3 Na8 37. Rb2 Kc7 38. f5 Ne7 39. f6 Ng6 40. Rba2 Nb6
41. g5 Rh4 42. Ra3 1/2-1/2

[Event "Ladder 1"]
[Site "Gatineau CAN"]
[Date "2021.11.23"]
[Round "2"]
[White "Hamon, Vincent"]
[Black "Bourbonnais, Luc"]
[Result "0-1"]
[WhiteElo "1330"]
[BlackElo "1450"]
[PlyCount "70"]
[EventDate "2021.11.16"]
[EventType "swiss"]
[EventRounds "5"]
[EventCountry "CAN"]

1. d4 d5 2. Nc3 Nf6 3. Bf4 c6 4. e3 g6 5. h4 Bg7 6. h5 Nxh5 7. Rxh5 gxh5 8.
Qxh5 h6 9. Nf3 Nd7 10. Bd3 Nf6 11. Qh2 Be6 12. Qg3 Nh5 13. Qh4 Nxf4 14. Qxf4
Qd6 15. Qh4 O-O-O 16. O-O-O Rdg8 17. Ne1 h5 18. f4 Bf6 19. Qf2 Bg4 20. Nf3 c5
21. dxc5 Qxc5 22. Rd2 Bxc3 23. bxc3 Qxc3 24. Kd1 Bxf3+ 25. Qxf3 e6 26. f5 h4
27. Qh3 Rg3 28. Qh2 Rxe3 29. Re2 Rxe2 30. Kxe2 e5 31. f6 Qc7 32. Qh3+ Kd8 33.
g3 e4 34. Bb5 Qxc2+ 35. Ke3 Qc5+ 0-1

[Event "Ladder 1"]
[Site "Gatineau CAN"]
[Date "2021.11.23"]
[Round "2"]
[White "Rioux, Jocelyn"]
[Black "MacIsaac, Alexandre"]
[Result "0-1"]
[WhiteElo "1617"]
[BlackElo "1574"]
[PlyCount "50"]
[EventDate "2021.11.16"]
[EventType "swiss"]
[EventRounds "5"]
[EventCountry "CAN"]

1. d4 Nf6 2. Bf4 e6 3. e3 b6 4. Nf3 Bb7 5. Bd3 Nc6 6. h3 d6 7. O-O h6 8. c4 g5
9. Bh2 g4 10. hxg4 Nxg4 11. Bg3 h5 12. Bh4 Be7 13. g3 Bxh4 14. Nxh4 Rg8 15. Re1
Qxh4 16. gxh4 Nxe3+ 17. Kh2 Nxd1 18. Rxd1 Nxd4 19. Nc3 Rg4 20. Nb5 Rxh4+ 21.
Kg3 Rg4+ 22. Kh2 Nf3+ 23. Kh1 Kd7 24. Be2 Rh4+ 25. Kg2 Rg8+ 0-1

[Event "Ladder 1"]
[Site "Gatineau CAN"]
[Date "2021.11.23"]
[Round "2"]
[White "Simchowitz, Yves"]
[Black "Godbout, Elliott"]
[Result "1-0"]
[WhiteElo "1450"]
[BlackElo "1432"]
[PlyCount "33"]
[EventDate "2021.11.16"]
[EventType "swiss"]
[EventRounds "5"]
[EventCountry "CAN"]

1. e4 e5 2. d4 exd4 3. Qxd4 Nc6 4. Qa4 d6 5. c3 Nf6 6. Bd3 Bd7 7. Qd1 h6 8. h3
Be7 9. Bf4 O-O 10. Nf3 Be6 11. c4 Nd7 12. a3 Bf6 13. Qd2 Nb6 14. e5 dxe5 15.
Bxh6 gxh6 16. Qxh6 Bg7 17. Qh7# 1-0

[Event "Ladder 1"]
[Site "Gatineau CAN"]
[Date "2021.11.23"]
[Round "2"]
[White "Villeneuve, Denis"]
[Black "Thompson, Francis"]
[Result "1/2-1/2"]
[WhiteElo "1779"]
[BlackElo "1827"]
[PlyCount "141"]
[EventDate "2021.11.16"]
[EventType "swiss"]
[EventRounds "5"]
[EventCountry "CAN"]

1. e4 c5 2. Nf3 d6 3. c3 Nf6 4. Be2 Nc6 5. d4 e6 6. d5 exd5 7. exd5 Ne7 8. c4
g6 9. Bd2 Ne4 10. O-O Nxd2 11. Qxd2 Bg7 12. Nc3 O-O 13. h3 a6 14. Rad1 Nf5 15.
b3 Re8 16. Bd3 Nd4 17. Nxd4 Bxd4 18. Ne4 f5 19. Ng5 Qf6 20. Nf3 Bc3 21. Qf4 Bd7
22. Nd2 Be5 23. Qf3 b5 24. g3 Qg5 25. Qg2 Qh5 26. Nf3 Bc3 27. Rc1 Bf6 28. Rc2
bxc4 29. Bxc4 f4 30. g4 Qh6 31. Kh2 Qg7 32. g5 Bc3 33. Rd1 Re7 34. Qf1 a5 35.
a3 a4 36. Qd3 Ba5 37. Re2 Bf5 38. Rxe7 Qxe7 39. Qf1 Bc2 40. Rc1 Qe4 41. Ng1 f3
42. bxa4 Bd2 43. Rxc2 Qxc2 44. Nxf3 Bf4+ 45. Kg2 Re8 46. Bd3 Qc1 47. a5 Qxf1+
48. Bxf1 Bc1 49. a4 Kf7 50. a6 Re7 51. Bb5 Rc7 52. Bc6 Ke7 53. h4 Kd8 54. Ne1
Kc8 55. Nd3 Bd2 56. Nb2 Bf4 57. Nc4 Kb8 58. Bb5 Ka7 59. Kh3 Rf7 60. Na5 Bd2 61.
Nc6+ Ka8 62. Kg3 Be1 63. Nd8 Bxf2+ 64. Kg4 Rf5 65. Bc6+ Ka7 66. Bb7 Be1 67.
Nc6+ Kb6 68. a5+ Kc7 69. Nd8 Kb8 70. Nc6+ Kc7 71. Nd8 1/2-1/2

[Event "Ladder 1"]
[Site "Gatineau CAN"]
[Date "2021.11.30"]
[Round "3"]
[White "Bastien, Andre"]
[Black "Villeneuve, Denis"]
[Result "1-0"]
[WhiteElo "1754"]
[BlackElo "1779"]
[PlyCount "63"]
[EventDate "2021.11.16"]
[EventType "swiss"]
[EventRounds "5"]
[EventCountry "CAN"]

1. d4 Nf6 2. Nf3 d5 3. e3 c5 4. b3 e6 5. Bb2 Be7 6. Bd3 Nc6 7. Nbd2 O-O 8. a3
b6 9. O-O Bd6 10. e4 dxe4 11. Nxe4 Nxe4 12. Bxe4 Qc7 13. d5 exd5 14. Qxd5 Bb7
15. Bxh7+ Kxh7 16. Qh5+ Kg8 17. Ng5 Rfe8 18. Qh7+ Kf8 19. Qxg7+ Ke7 20. Rfe1+
Kd7 21. Qxf7+ Re7 22. Qf5+ Ke8 23. Ne6 Rxe6 24. Rxe6+ Ne7 25. Rae1 Bc8 26. Qh5+
Kd8 27. Rxd6+ Qxd6 28. Rd1 Qxd1+ 29. Qxd1+ Bd7 30. Qd6 Nf5 31. Qf8+ Be8 32.
Qxf5 1-0

[Event "Ladder 1"]
[Site "Gatineau CAN"]
[Date "2021.11.30"]
[Round "3"]
[White "Brault, Jean-Francois"]
[Black "Raymond, Daniel"]
[Result "1/2-1/2"]
[WhiteElo "1667"]
[BlackElo "1935"]
[PlyCount "101"]
[EventDate "2021.11.16"]
[EventType "swiss"]
[EventRounds "5"]
[EventCountry "CAN"]

1. d4 d5 2. Bf4 Nf6 3. Nf3 e6 4. e3 Bd6 5. Bg3 O-O 6. Bd3 c5 7. c3 Nc6 8. Nbd2
b6 9. a3 Qc7 10. b4 c4 11. Bc2 a6 12. Bxd6 Qxd6 13. e4 e5 14. Qe2 Bg4 15. h3
Bh5 16. Qe3 exd4 17. Nxd4 Bg6 18. f3 Qg3+ 19. Qf2 Qxf2+ 20. Kxf2 Nxd4 21. cxd4
c3 22. Nf1 dxe4 23. fxe4 Bxe4 24. Rc1 Rac8 25. Ng3 Rfe8 26. Rhe1 Bxc2 27. Rxe8+
Rxe8 28. Rxc2 Nd5 29. Ne2 Ne3 30. Rc1 c2 31. g3 Nd1+ 32. Ke1 Rc8 33. Kd2 Nf2
34. d5 Nxh3 35. Nd4 g6 36. Nxc2 Rd8 37. Ne3 Ng5 38. Kd3 h5 39. Rc6 Rb8 40. d6
Ne6 41. d7 Rd8 42. Rc8 Kg7 43. Rxd8 Nxd8 44. Nd5 g5 45. Ke4 Kg6 46. Ke5 h4 47.
gxh4 gxh4 48. Nf4+ Kg7 49. Kf5 Kf8 50. Kf6 b5 51. Nh3 1/2-1/2

[Event "Ladder 1"]
[Site "Gatineau CAN"]
[Date "2021.11.30"]
[Round "3"]
[White "Fiset, Anais Chloe"]
[Black "Dupont-Mageau, Nicolas"]
[Result "1-0"]
[WhiteElo "2000"]
[BlackElo "1961"]
[PlyCount "41"]
[EventDate "2021.11.16"]
[EventType "swiss"]
[EventRounds "5"]
[EventCountry "CAN"]

1. e4 e5 2. Nf3 Nf6 3. Nxe5 Nc6 4. Nxc6 dxc6 5. e5 Ne4 6. d4 Qh4 7. Qf3 Ng5 8.
Bxg5 Qxg5 9. Nc3 Bg4 10. Qg3 O-O-O 11. Ne4 Qh5 12. c3 c5 13. h3 cxd4 14. Qxg4+
Qxg4 15. hxg4 dxc3 16. Nxc3 Bb4 17. Be2 Rhe8 18. f4 f6 19. Rd1 fxe5 20. Rxd8+
Kxd8 21. fxe5 1-0

[Event "Ladder 1"]
[Site "Gatineau CAN"]
[Date "2021.11.30"]
[Round "3"]
[White "Godbout, Elliott"]
[Black "Simchowitz, Yves"]
[Result "1-0"]
[WhiteElo "1432"]
[BlackElo "1450"]
[PlyCount "94"]
[EventDate "2021.11.16"]
[EventType "swiss"]
[EventRounds "5"]
[EventCountry "CAN"]

1. e4 e5 2. Nf3 Nc6 3. Bc4 Bc5 4. d3 Nf6 5. O-O O-O 6. c3 a6 7. b4 Bb6 8. Nbd2
Re8 9. Re1 Ng4 10. Re2 h6 11. h3 Nf6 12. Nf1 d6 13. Ng3 d5 14. exd5 Nxd5 15.
Qb3 Be6 16. Nxe5 Nf4 17. Bxf4 Nd4 18. cxd4 Qxd4 19. Rae1 Qxf4 20. Bxe6 Rxe6 21.
Kh1 Rxe5 22. Rxe5 Qxf2 23. Rf1 Qxg3 24. Qxf7+ Kh8 25. Re8+ Rxe8 26. Qxe8+ Kh7
27. Qe4+ Kg8 28. Qxb7 Qxd3 29. Qc8+ Kh7 30. Qf5+ Qxf5 31. Rxf5 Kg6 32. g4 h5
33. Rxh5 Kf6 34. Kg2 g6 35. Rh8 Ke6 36. Ra8 Kd5 37. Rxa6 Kc4 38. a3 Kb5 39. Ra8
Bd4 40. Rg8 Bb2 41. Rxg6 Bxa3 42. h4 Bxb4 43. Rg8 c5 44. Rc8 c4 45. g5 c3 46.
g6 Bf8 47. Rxf8 c2 1-0

[Event "Ladder 1"]
[Site "Gatineau CAN"]
[Date "2021.11.30"]
[Round "3"]
[White "MacIsaac, Alexandre"]
[Black "Rioux, Jocelyn"]
[Result "1/2-1/2"]
[WhiteElo "1574"]
[BlackElo "1617"]
[PlyCount "87"]
[EventDate "2021.11.16"]
[EventType "swiss"]
[EventRounds "5"]
[EventCountry "CAN"]

1. e4 c6 2. d4 d5 3. exd5 cxd5 4. c4 Nf6 5. Nc3 Bf5 6. Qb3 Nc6 7. cxd5 Na5 8.
Qa4+ Bd7 9. Bb5 a6 10. Bxd7+ Nxd7 11. Nf3 b5 12. Qd1 Nf6 13. Ne5 Nxd5 14. Qh5
g6 15. Qf3 Nf6 16. b4 Rc8 17. bxa5 Qxd4 18. Nc6 Qc4 19. Na7 Qxc3+ 20. Qxc3 Rxc3
21. Bf4 Bg7 22. Be5 Rc2 23. O-O O-O 24. Rfc1 Rxc1+ 25. Rxc1 Ng4 26. Bxg7 Kxg7
27. f3 Ne5 28. Rc5 Nc4 29. a4 Nxa5 30. axb5 axb5 31. Rxb5 Nc4 32. Nc6 Nd6 33.
Rd5 Kf6 34. g4 Ke6 35. Re5+ Kd7 36. Nd4 f6 37. Ra5 Rb8 38. h4 Rb2 39. Ra7+ Rb7
40. Ra8 e5 41. Ne2 Ke6 42. Ra6 Kd5 43. Nc3+ Kc5 44. Na4+ 1/2-1/2

[Event "Ladder 1"]
[Site "Gatineau CAN"]
[Date "2021.12.07"]
[Round "4"]
[White "Desjardins, Michel"]
[Black "Brault, Jean-Francois"]
[Result "1-0"]
[WhiteElo "1833"]
[BlackElo "1667"]
[PlyCount "103"]
[EventDate "2021.11.16"]
[EventType "swiss"]
[EventRounds "5"]
[EventCountry "CAN"]

1. e4 d5 2. exd5 Qxd5 3. Nf3 Qe4+ 4. Be2 Bg4 5. Nc3 Qe6 6. O-O Bxf3 7. Bxf3 c6
8. d4 Nf6 9. Bf4 g6 10. d5 cxd5 11. Nb5 Na6 12. Re1 Ne4 13. Qd4 Qf6 14. Be5 Qc6
15. Nxa7 Rxa7 16. Qxa7 f6 17. Bd4 e5 18. Be3 Kf7 19. c3 f5 20. Qb6 Bc5 21. Bxc5
Naxc5 22. Qxc6 bxc6 23. Be2 Na4 24. f3 Nd6 25. Bf1 Kf6 26. c4 d4 27. b3 Nc3 28.
a4 c5 29. a5 Ra8 30. a6 Ra7 31. Ra5 e4 32. fxe4 fxe4 33. Be2 h5 34. Bd1 Ke5 35.
Rxc5+ Ke6 36. Rc6 Kd7 37. Rb6 Kc7 38. c5 Ncb5 39. Rxd6 Nxd6 40. cxd6+ Kxd6 41.
Rxe4 Kd5 42. Re8 Rxa6 43. Kf2 Rd6 44. Ke2 Kc5 45. Kd3 Kb4 46. Rb8+ Kc5 47. b4+
Kc6 48. Bf3+ Kc7 49. Rb7+ Kc8 50. b5 Kd8 51. Rg7 Kc8 52. Be4 1-0

[Event "Ladder 1"]
[Site "Gatineau CAN"]
[Date "2021.12.07"]
[Round "4"]
[White "Dupont-Mageau, Nicolas"]
[Black "Fiset, Anais Chloe"]
[Result "1-0"]
[WhiteElo "1961"]
[BlackElo "2000"]
[PlyCount "57"]
[EventDate "2021.11.16"]
[EventType "swiss"]
[EventRounds "5"]
[EventCountry "CAN"]

1. e4 d5 2. exd5 Qxd5 3. Nc3 Qa5 4. d4 Nf6 5. Nf3 Bf5 6. Bc4 e6 7. Bd2 c6 8.
O-O Nbd7 9. Re1 Qc7 10. Bg5 Be7 11. Qe2 h6 12. Bh4 O-O 13. Bg3 Qd8 14. h3 Bb4
15. Nh4 Bh7 16. Bb3 Nb6 17. a3 Bxc3 18. bxc3 Ne4 19. Qf3 g5 20. Rxe4 gxh4 21.
Rg4+ Kh8 22. Bxh4 f6 23. Bxe6 Qe7 24. Bf5 Rf7 25. Bxh7 Kxh7 26. Qf5+ Kh8 27.
Qg6 Qf8 28. Qf5 Nd7 29. Re1 1-0

[Event "Ladder 1"]
[Site "Gatineau CAN"]
[Date "2021.12.07"]
[Round "4"]
[White "Guimond, Michel"]
[Black "Bastien, Andre"]
[Result "1/2-1/2"]
[WhiteElo "1933"]
[BlackElo "1754"]
[PlyCount "51"]
[EventDate "2021.11.16"]
[EventType "swiss"]
[EventRounds "5"]
[EventCountry "CAN"]

1. e4 e5 2. Bc4 Nf6 3. Qe2 Be7 4. d3 O-O 5. Nc3 c6 6. Bg5 b5 7. Bxf6 Bxf6 8.
Bb3 a5 9. a3 Na6 10. Nf3 Nc5 11. Ba2 Bb7 12. O-O b4 13. Nd1 d5 14. Nd2 Ne6 15.
Ne3 Nf4 16. Qe1 Qd7 17. f3 g6 18. g3 Ne6 19. Nb3 Qd6 20. Kh1 Bg7 21. axb4 axb4
22. c3 bxc3 23. bxc3 Ba6 24. c4 dxc4 25. dxc4 Nd4 26. c5 1/2-1/2

[Event "Ladder 1"]
[Site "Gatineau CAN"]
[Date "2021.12.07"]
[Round "4"]
[White "Rioux, Jocelyn"]
[Black "Godbout, Elliott"]
[Result "1-0"]
[WhiteElo "1617"]
[BlackElo "1432"]
[PlyCount "85"]
[EventDate "2021.11.16"]
[EventType "swiss"]
[EventRounds "5"]
[EventCountry "CAN"]

1. d4 d5 2. Bf4 e6 3. e3 Nf6 4. Nf3 Bd6 5. Bg3 Bxg3 6. hxg3 a6 7. Bd3 Nc6 8. c3
Qd6 9. Nbd2 Bd7 10. Qc2 h6 11. O-O-O O-O-O 12. Nh2 e5 13. dxe5 Nxe5 14. Be2 Qb6
15. Nhf3 Nxf3 16. gxf3 Qa5 17. Kb1 Be6 18. Nb3 Qb6 19. Rh4 c6 20. Rb4 Qc7 21.
Nc5 b5 22. a4 Qa7 23. Nd3 Bf5 24. Rb3 Nd7 25. Ra3 Bxd3 26. Bxd3 Qb7 27. axb5
axb5 28. Bf5 Kc7 29. Bxd7 Rxd7 30. e4 Rhd8 31. b3 dxe4 32. Rxd7+ Rxd7 33. fxe4
Rd8 34. Qa2 Kb6 35. Kc1 c5 36. c4 b4 37. Ra5 Qxe4 38. Rb5+ Kc6 39. Qa6+ Kd7 40.
Rb7+ Ke8 41. Qb5+ Kf8 42. Qxc5+ Kg8 43. Qxb4 1-0